The Successor/ (Record no. 9418)

000 -LEADER
fixed length control field 00467nam a2200145 4500
008 - FIXED-LENGTH DATA ELEMENTS--GENERAL INFORMATION
fixed length control field 151027b xxu||||| |||| 00| 0 eng d
020 ## - INTERNATIONAL STANDARD BOOK NUMBER
International Standard Book Number 9789966461117
050 ## - LIBRARY OF CONGRESS CALL NUMBER
Classification number AFR PR 9381.9 .143 2012
100 ## - MAIN ENTRY--PERSONAL NAME
Personal name Imbuga Francis
Dates associated with a name 2012
245 ## - TITLE STATEMENT
Title The Successor/
Statement of responsibility, etc. Francis Imbuga
260 ## - PUBLICATION, DISTRIBUTION, ETC. (IMPRINT)
Place of publication, distribution, etc. Nairobi,
Name of publisher, distributor, etc. Stima Printers,
Date of publication, distribution, etc. 2012
300 ## - PHYSICAL DESCRIPTION
Extent 66p.:
Dimensions 17cm.
650 ## - SUBJECT ADDED ENTRY--TOPICAL TERM
Topical term or geographic name as entry element African Literature
942 ## - ADDED ENTRY ELEMENTS (KOHA)
Source of classification or shelving scheme
Koha item type Short Loan Books
Classification part AFR PR 9381.9 .143 2012
Koha issues (borrowed), all copies 93
Holdings
Withdrawn status Lost status Source of classification or shelving scheme Damaged status Not for loan Home library Current library Shelving location Date acquired Total Checkouts Full call number Barcode Date last seen Date last checked out Price effective from Koha item type Source of acquisition Cost, normal purchase price Total Renewals
          MACHAKOS UNIVERSITY LIBRARY MACHAKOS UNIVERSITY LIBRARY Africana 27/10/2015 126 AFR PR 9381.9 .143 2012 17099 02/10/2024 02/10/2024 27/10/2015 Africana (Books)      
          MACHAKOS UNIVERSITY LIBRARY MACHAKOS UNIVERSITY LIBRARY Africana 27/10/2015 63 PR 9381.9 .143 2012 23117 18/11/2024 18/11/2024 27/10/2015 Africana (Books) Purchase 450.00 1
© Machakos University Library, Along The Highway, Machakos Wote Rd, Machakos, Kenya P.O. Box 136 - 90100 Machakos - Kenya

Tel: ( +254 ) 723 805829 OR Fax : 044-20353 OR Email: library@mksu.ac.ke